00286nam a22000977a 4500082001600000100001600016245007500032260006100107300000800168650001200176 a294.6 SIN 6 aSingh, Teja aPsalm of Peace: An English translation of Guru Arjun's Sukhmani Sahib aAmritsarbShiromani Gurudwara Parbandhak Committeec2014 a129 aSikhism